| 000 | 00529nam a2200193Ia 4500 | ||
|---|---|---|---|
| 003 | OSt | ||
| 005 | 20250505114954.0 | ||
| 008 | 210210b1978 xxu||||| |||| 00| 0 eng d | ||
| 040 | _cAL | ||
| 041 | _aKannada | ||
| 082 | _aK894.3 SHRP | ||
| 100 |
_aSHRINIVASA UDUPA. _dಶ್ರೀನಿವಾಸ ಉಡುಪ _9209254 |
||
| 245 |
_aPriya bayake. _bಪ್ರಿಯ ಬಯಕೆ |
||
| 260 |
_aBelagavi _bPravina Pablishars _c1978 |
||
| 300 | _a200 | ||
| 690 |
_aKannada Fiction _9209255 |
||
| 906 | _aSG01124 | ||
| 942 |
_2ddc _cBK |
||
| 999 |
_c112441 _d112441 |
||